000
00240nam a22000857a 4500
008
170526b xxu||||| |||| 00| 0 eng d
100
_9
3129
_a
The World Book Encyclopedia
245
_a
The World Book
260
_a
London
_b
World Book Corporation
_c
1993
999
_c
6418
_d
6418